书目信息 |
| 题名: |
生命转弯处
|
|
| 作者: | 郑石岩 著 | |
| 分册: | ||
| 出版信息: | 桂林 广西师范大学出版社 2006 |
|
| 页数: | 168页 | |
| 开本: | 22cm | |
| 丛书名: | 郑石岩作品 | |
| 单 册: | ||
| 中图分类: | B848.4 , B821-49 | |
| 科图分类: | ||
| 主题词: | 成功心理--通俗读物 , 成功心理 , 人生观 | |
| 电子资源: | ||
| ISBN: | 7-5633-6056-5 | |
| 000 | 00989oam2 2200301 450 | |
| 001 | 0956043941 | |
| 005 | 20090929153526.76 | |
| 010 | @a7-5633-6056-5@dCNY15.00 | |
| 100 | @a20060426d2006 em y0chiy50 ea | |
| 101 | 0 | @achi |
| 102 | @aCN@b450000 | |
| 105 | @aa z 000yy | |
| 106 | @ar | |
| 200 | 1 | @a生命转弯处@f郑石岩著@Asheng ming zhuan wan chu |
| 210 | @a桂林@c广西师范大学出版社@d2006 | |
| 215 | @a168页@c图@d22cm | |
| 225 | 2 | @a郑石岩作品@e唯识心理学六书 |
| 305 | @a远流集团控股有限公司授权出版 | |
| 330 | @a本书着眼于精神生活的更高层面,以生活调适、生命实现和心灵的终极关怀为目的。同时透过爱与智慧,告诉人们在生命过程中要学会转弯,掌握快乐生活的技巧。 | |
| 461 | 0 | @1001003011312 |
| 606 | 0 | @a成功心理@j通俗读物 |
| 606 | 0 | @a成功心理 |
| 606 | 0 | @a人生观 |
| 690 | @aB848.4@v4 | |
| 690 | @aB821-49@v4 | |
| 701 | 0 | @a郑石岩@c(教师)@4著@Azheng shi yan |
| 801 | 0 | @aCN@b大连网信软件有限公司图书馆·11@c20090929 |
| 905 | @a10447@dB821-49@eJY135 | |
| 生命转弯处/郑石岩著.-桂林:广西师范大学出版社,2006 |
| 168页:图;22cm .-(郑石岩作品:唯识心理学六书 ) |
| ISBN 7-5633-6056-5:CNY15.00 |
| 本书着眼于精神生活的更高层面,以生活调适、生命实现和心灵的终极关怀为目的。同时透过爱与智慧,告诉人们在生命过程中要学会转弯,掌握快乐生活的技巧。 |
| ● |
| 相关链接 |
|
|
|
|
正题名:生命转弯处
索取号:B821-49/JY135
 
预约/预借
| 序号 | 登录号 | 条形码 | 馆藏地/架位号 | 状态 | 备注 |
| 1 | 7820012 | 278200126 | 学院路分馆/ [索取号:B821-49/JY135] | 在馆 | |
| 2 | 7820013 | 278200135 | 学院路分馆/ [索取号:B821-49/JY135] | 在馆 |